| 000 | 00819nam a22001697a 4500 | ||
|---|---|---|---|
| 003 | OSt | ||
| 005 | 20250219101343.0 | ||
| 008 | 250219s2015 ag ||||| |||| 00| 0 spa d | ||
| 020 | _a9789873772375 | ||
| 040 | _cbesoc | ||
| 245 | 0 | 0 |
_aManifiestos 1956 1976 : _bPolíticos argentinos |
| 260 |
_aBuenos Aires : _bMinisterio de Cultura de la Nación, _c2015 |
||
| 300 | _a703 p. | ||
| 505 | 1 | _aResistencia -- Desarrollismo y modernización -- Recepciones de la revolución cubana y nuevo latinoamericanismo -- Revisar la historia: colonialismo y nación -- De la revolución argentina al Gan -- La dependencia en cuestión -- Dossier pueblo insurrecto -- Militancias y organizaciones revolucionarias -- De "Perón vuelve" a la antesala del horror.- | |
| 650 | 4 |
_aHistoria _xPolítica _zArgentina _ySiglo XX |
|
| 942 |
_2udc _cLPD _n0 |
||
| 999 |
_c448 _d448 |
||